000 00671nam a22002177a 4500
003 UA-OsUOA
001 44915
007 ta
008 20070319b un ||||| |||| 00| 0 ukr d
100 _aАлейников В.
090 _a659
_bА-11
942 _cSA
040 _aUA-OsUOA
_brus
_cUA-OsUOA
_dUA-OsUOA
245 _aОт позиционирования бренда к его атрибутике
300 _aС.12-15
955 _a0
041 _arus
080 _a659
773 0 _w44910
650 7 _a659 Реклама. Система інформації. Громадська інформація та реклама (Паблик-Рилейшнз)
_2UDC
999 _c331042
_d331042